LIBRARY & INFORMATION CENTRE, KCAET, TAVANUR

ONLINE PUBLIC ACCESS CATALOGUE (OPAC)

Advanced mathematics for engineers and scientists, Vol 2 / (Record no. 10034)

MARC details
000 -LEADER
fixed length control field 00517cam a2200193ua 4500
041 ## - LANGUAGE CODE
Language code of text/sound track or separate title eng
082 ## - DEWEY DECIMAL CLASSIFICATION NUMBER
Classification number 510.062
Item number SHA/AD
100 ## - MAIN ENTRY--AUTHOR NAME
Personal name Sharma, G S .
245 ## - TITLE STATEMENT
Title Advanced mathematics for engineers and scientists, Vol 2 /
260 ## - PUBLICATION, DISTRIBUTION, ETC. (IMPRINT)
Place of publication New Delhi :
Name of publisher C B S Publishers & Distributers ,
Year of publication 1985.
300 ## - PHYSICAL DESCRIPTION
Number of Pages ; .
700 1# - ADDED ENTRY--PERSONAL NAME
Personal name Ahuja, K L .
700 1# - ADDED ENTRY--PERSONAL NAME
Personal name Sarma, I J S .
942 ## - ADDED ENTRY ELEMENTS (KOHA)
Koha item type Books
Holdings
Withdrawn status Lost status Damaged status Home library Current library Date acquired Full call number Accession Number Koha item type Shelving location
Withdrawn     KAUAET KAUAET 07/04/2012 510.062 15941 Books  
      KAUAET KAUAET 23/07/2018 510.062 SHA/AD 18311 Book Bank scheme for SC students Scheme
free website counter